The slums; challenge and response

Uloženo v:
Podrobná bibliografie
Hlavní autor: Hunter, David R. (David Romeyn), 1916-
Médium: Kniha
Jazyk:English
Vydáno: New York, Free Press [1968]
Edice:A Free Press paperback
Témata:
LEADER 01009nam a22002651 4500
001 c000142911
003 CARM
005 00000000000000.0
008 700706s1968 nyu b 00010 eng
019 1 |a 58077841  |z 692783  |5 LACONCORD2021 
035 |a (OCoLC)432848  |5 LACONCORD2021 
043 |a n-us--- 
050 0 0 |a HV4045  |b .H8 1968 
082 0 0 |a 301.3/64/0973 
100 1 |a Hunter, David R.  |q (David Romeyn),  |d 1916- 
245 1 4 |a The slums; challenge and response  |c [by] David R. Hunter. 
260 |a New York,  |b Free Press  |c [1968] 
300 |a xvii, 302 p.  |c 21 cm. 
490 0 |a A Free Press paperback 
504 |a Bibliographical references included in "Notes" (p. [285]-294) 
650 0 |a Slums  |z United States. 
651 0 |a United States  |x Social conditions  |y 1945- 
852 8 |b CARM  |h A2:AI13B0  |i B04150  |p 0191481  |f BK 
999 f f |i ea39a007-cae6-5e06-9dd3-c234cabbf57c  |s f120ef11-5e22-54ca-94d7-fa5af3e52b7d 
952 f f |p Can circulate  |a CAVAL  |b CAVAL  |c CAVAL  |d CARM 1 Store  |e B04150  |f A2:AI13B0  |h Other scheme  |i book  |m 0191481